| 000 | 00422nam a2200169Ia 4500 | ||
|---|---|---|---|
| 008 | 210719s1996 xx 000 0 und d | ||
| 020 | _a8185386196 | ||
| 041 | _aeng | ||
| 082 | _a658.8 HILI | ||
| 100 | _aHILL (Richard M) and others | ||
| 245 | _aIndustrial marketing. Ed 4. | ||
| 260 |
_aDelhi _c1996 |
||
| 300 |
_a703 _bPB |
||
| 365 |
_b135 _cRs |
||
| 650 | _aMarketing Management | ||
| 906 | _aIndustrial Marketing | ||
| 999 |
_c213982 _d213982 |
||